ბათუმის შოთა რუსთაველის სახელმწიფო უნივერსიტეტის ბიბლიოთეკა

ლაბორატორიული სამუშაოები მაძლიერებელი მოწყობილობების კურსში / (ბიბ.ჩანაწერი № 39831)

000 -ლიდერი
ფიქსირებული სიგრძის საკონტროლო ველი 01296nam a2200229Ia 4500
001 - საკონტროლო ნომერი
საკონტროლო ველი 6436
003 - საკონტროლო ნომრის იდენტიფიკატორი
საკონტროლო ველი GE_BSU
005 - ბოლო ოპერაციის თარიღი და დრო
საკონტროლო ველი 20190627204144.0
008 - ფიქსირებული სიგრძის მონაცემთა ელემენტები - ზოგადი ინფორმაცია
ფიქსირებული სიგრძის საკონტროლო ველი 181216s1979||||ge |||||||||||||| ||geo||
041 ## - ენის კოდი
Language code of text/sound track or separate title geo
080 ## - უნივერსალური ათობითი კლასიფიკაციის ინდექსი
Universal Decimal Classification number 621.396(076) ლ-13
245 ## - ცნობა სათაურის შესახებ
Title ლაბორატორიული სამუშაოები მაძლიერებელი მოწყობილობების კურსში /
Statement of responsibility, etc შემდგ : გ.ლეჟავა ; გ.ხარაბაძე ; თ.ლომთაძე ; რედ : მ.ძიძიგური.
264 ## - წარმოების, გამოცემის, დისტრიბუციის და სხვა ცნობები
გამოცემის, წარმოების, დისტრიბუციის... ადგილი თბილისი :
გამოცემის, წარმოების, დისტრიბუციის... სახელწოდება სპი,
გამოცემის, წარმოების, დისტრიბუციის... თარიღი 1979.
300 ## - ფიზიკური აღწერა
Extent 96 გვ .:
Dimensions 20 სმ.
653 ## - INDEX TERM--UNCONTROLLED
Uncontrolled term ლაბორატორიული სამუშაოები მაძლიერებელი მოწყობილობების კურსში
653 ## - INDEX TERM--UNCONTROLLED
Uncontrolled term მაძლიერებელი მოწყობილობები
700 ## - ADDED ENTRY--PERSONAL NAME
Personal name ლეჟავა, გ
Relator term შემდგენელი
9 (RLIN) 3023
700 ## - ADDED ENTRY--PERSONAL NAME
Personal name ხარაბაძე, თ
Relator term შემდგენელი
9 (RLIN) 3024
700 ## - ADDED ENTRY--PERSONAL NAME
Personal name ლომთაძე, თ
Relator term შემდგენელი
9 (RLIN) 3025
700 ## - ADDED ENTRY--PERSONAL NAME
Personal name ძიძიგური, მ
Relator term რედაქტორი
9 (RLIN) 472
942 ## - ADDED ENTRY ELEMENTS (KOHA)
Koha item type წიგნი
Source of classification or shelving scheme
ეგზემპლარები
ჩამოწერის სტატუსი დაკარგული ეგზემპლარის სტატუსი კლასიფიკაციის წყარო ან თაროზე გაწყობის სქემა დაზიანების სტატუსი არ გაიცემა მუდმივი მდებარეობა (დაცვის ადგილი) ამჟამინდელი ადგილსამყოფელი თაროზე განთავსების ადგილი შეძენის თარიღი ღირებულება, შესყიდვის ნორმალური ფასი სრული შენახვის შიფრი შტრიხკოდი ბოლო ოპერაციის თარიღი ეგზემპლარის მიმდევრობითი ნომერი (კეტერი?) ფასის ძალაში შესვლის თარიღი ეგზემპლარის სახეობა საჯარო შენიშვნა
          ტექნოლოგიური ფაკულტეტის ბიბლიოთეკა ტექნოლოგიური ფაკულტეტის ბიბლიოთეკა წიგნსაცავი 2018-12-17 0.00 621.396(076) ლ-13 10996 2018-12-17 10996 2018-12-17 წიგნი 0,80 თ.
          ტექნოლოგიური ფაკულტეტის ბიბლიოთეკა ტექნოლოგიური ფაკულტეტის ბიბლიოთეკა წიგნსაცავი 2018-12-17 0.00 621.396(076) ლ-13 10997 2018-12-17 10997 2018-12-17 წიგნი 0,80 თ.
          ტექნოლოგიური ფაკულტეტის ბიბლიოთეკა ტექნოლოგიური ფაკულტეტის ბიბლიოთეკა წიგნსაცავი 2018-12-17 0.00 621.396(076) ლ-13 10998 2018-12-17 10998 2018-12-17 წიგნი 0,80 თ.